Missing Word: Books Beginning with 'T' Quiz Stats

 Plays Quiz Updated Nov 6, 2015

Challenge
Share
Tweet
Embed
Score 0/24 Timer 04:00
0 Plays Today
BOOKS ANSWER % Correct
A Tale of ____ CitiesTwo
99.9%
To ____ a MockingbirdKill
97.6%
Through the ____-GlassLooking
96.7%
Treasure ____Island
96.1%
Twenty Thousand ____ Under the SeaLeagues
95.2%
Tropic of ____Cancer
88.9%
The Talented Mr. ____Ripley
87.3%
Tinker, ____, Soldier, SpyTailor
85.4%
The Three ____Musketeers
84.8%
The Time ____Machine
83.6%
The Thirty-____ StepsNine
82.2%
Things ____ ApartFall
80.5%
BOOKS ANSWER % Correct
Tender is the ____Night
80%
The Time ____ WifeTraveler's
79.2%
The Two ____Towers
77.5%
Tarzan of the ____Apes
68.3%
Tuesdays with ____Morrie
66.5%
Their Eyes Were ____ GodWatching
65.8%
The Tipping ____Point
64.8%
The Turn of the ____Screw
63.9%
Three Men in a ____Boat
59%
Tess of the ____d'Urbervilles
48.3%
The Tenant of Wildfell ____Hall
37%
To the ____Lighthouse
32.1%

Today's Daily Dose

You're not logged in!

Compare scores with friends on all Sporcle quizzes.
Join for Free
OR
Log In

You Might Also Like...

Show Comments

Extras

Top Quizzes Today


Score Distribution

Your Account Isn't Verified!

In order to create a playlist on Sporcle, you need to verify the email address you used during registration. Go to your Sporcle Settings to finish the process.

Report this User

Report this user for behavior that violates our Community Guidelines.

Details: